00808 a2200169 45000010006000000050017000060080041000230030015000640400040000790800048001192450089001670200018002562640033002743000023003075050276003301000032006062834520260407155555.0260407a1988 arg spa dAR-UNSa-BCEJYS aAR-UNSa-BCEJYSbspacAR-UNSa-BCEJYS a347.7xDerecho Mercantil. Derecho Comercial10aDerecho comercial y económicopObligaciones y contratos comerciales. Parte General a950-508-275-4 1aBuenos Aires :bAstreac1988 axv, 342 p.c23 cm. a1. Las obligaciones y el derecho comercial - 2. Acto Jurídico. Negocio jurídico. Contratos civiles y comerciales - 3. Los negocios jurídicos mercantiles - 4. Creación de los contratos mercantiles - 5. Las formas y el contrato mercantil - 6. Dinámica contractual1 aEtcheverry, Raúl Aníbal